| 000 | 00554nam a22001817a 4500 | ||
|---|---|---|---|
| 003 | UA-OsUOA | ||
| 001 | 13906 | ||
| 007 | ta | ||
| 008 | 20030701b un ||||| |||| 00| 0 ukr d | ||
| 100 | _aВіднічук І. | ||
| 942 | _cSA | ||
| 040 |
_aUA-OsUOA _cUA-OsUOA _dUA-OsUOA |
||
| 245 | _aРідний дім; Сутнє; Синові; Осінь; Сльоза; Доля хутора; Лелеки: [Вірші] | ||
| 300 | _aС.7 | ||
| 955 | _a0 | ||
| 773 | 0 |
_w0 _tВільне слово _dРівне _d2003 _g№49/25 черв./ |
|
| 650 | 7 |
_aВірші _2UDC |
|
| 999 |
_c300067 _d300067 |
||